| 000 | 00704nmc a2200265 a 4500 | ||
|---|---|---|---|
| 003 | AR-BaBNM | ||
| 005 | 20251128211623.0 | ||
| 008 | 245020s2004 ||||||||||||||000 | spa|| | ||
| 020 | _a950-24-1066-1 | ||
| 040 | _cAR-BaBNM | ||
| 100 | 1 | _aBatic, Leonardo | |
| 245 | 1 | 0 |
_aSeres mitológicos argentinos _bPatagonia _nDiario 1 |
| 260 |
_aBuenos Aires _bAlbatros _c2004 |
||
| 300 | 0 |
_a125 p. _bil. |
|
| 490 | 0 | _aSeres mitológicos argentinos | |
| 650 | 4 | _aLITERATURA FOLKLORICA | |
| 650 | 4 | _aTRADICION ORAL | |
| 650 | 4 | _aCOSTUMBRES Y TRADICIONES | |
| 650 | 4 | _aMITOLOGIA AMERICANA | |
| 653 | _aMITOS | ||
| 653 | 0 | _aLITERATURA JUVENIL | |
| 655 | _aLITERATURA | ||
| 942 | _cBK | ||
| 998 | _cEugenia | ||
| 999 |
_c20450 _d20450 |
||